Adalar'da iz bırakanlar (Record no. 4237)

MARC details
000 -BAŞLIK
Sabit Uzunlukta Kontrol Alanı 00835na a2200265 4500
001 - KONTROL NUMARASI
Denetim Alanı 16635
003 - KONTROL NUMARASI IDENTIFIER
Denetim Alanı MIRAKIL
005 - SON İŞLEM TARİHİ VE ZAMANI
Denetim Alanı 20181213154958.0
008 - SABİT-BOY VERİ ELEMANLARI - GENEL BİLGİLER
Sabit Uzunlukta Kontrol Alanı 161012b tu 000 0
020 ## - ULUSLARARASI STANDART KİTAP NUMARASI
Uluslararası Standart Kitap Numarası 9789759119256
035 ## - SİSTEM KONTROL NUMARASI
Sistem Kontrol Numarası 16635
040 ## - KATALOGLAMA KAYNAK
Orijinal Kataloglama Ajansı Milas
Kataloglama Dili tur
Metne Dönüştürmek Ajansı TR-AnCHP
041 ## - DİL KODU
Metin / Ses Parça Veya Ayrı Başlığın Dil Kodu tur
-- eng
082 ## - DEWEY ONLU SINIFLANDIRMA NUMARASI
Sınıflandırma Numarası 956.22651
Ürün Numarası A72a 2011
090 ## - SINIFLAMA NUMARASI
Sınıflama Numarası 956.22651 A72a 2011
100 ## - ANA GİRİŞ - KİŞİSEL İSİM
Kişisel Ad Atay, Korhan
245 ## - BAŞLIK TABLOSU
Başlık Adalar'da iz bırakanlar
Başlığın Kalan = Those who left marks on the Istanbul Islands
Sorumluluk Tablosu, Vb Korhan Atay
246 ## - UNVAN FORM VARYING
Başlık Doğru / Kısa Başlığı Those who left marks on the Istanbul Islands
260 ## - YAYIN, DAĞITIM, VB
Yayın, Dağıtım, Vb Yeri İstanbul
Yayıncı, Dağıtıcı, Vs Adı Adalı yayınları
Yayın, Dağıtım, Vb Tarihi 2011
300 ## - FİZİKSEL TANIM
Kapsam 108 s.
Diğer Fiziksel Ayrıntıları fotg. ; hrt.
Boyutlar 27 sm.
651 ## - KONU KATMA GİRİŞ - COĞRAFİ ADI
Coğrafi İsim Adalar (İstanbul)
Genel Alt Bölümü Tarih
651 ## - KONU KATMA GİRİŞ - COĞRAFİ ADI
Coğrafi İsim İstanbul
Genel Alt Bölümü Anılar
Coğrafi Alt Bölümü Adalar
651 ## - KONU KATMA GİRİŞ - COĞRAFİ ADI
Coğrafi İsim Adalar (İstanbul)
Genel Alt Bölümü Sosyal yaşam ve gelenekler
Coğrafi Alt Bölümü Derlemeler
942 ## - EKLENDİ GİRİŞ ELEMANLARI (KOHA)
Sınıflandırma Veya Raf Düzeni Kaynak
Koha Öğesi Türü Books
999 ## - SİSTEM KONTROL NUMARALARI (KOHA)
Koha Biblionumber 4237
Koha Biblioitemnumber 4237
Holdings
Kalıcı Konum Mevcut Konum Edinme Tarihi Edinim Kaynak Toplam Check-Out'Lar Tam Çağrı Numarası Barkod Tarih Son Görülme İtibaren Geçerli Fiyatlar Koha Öğesi Türü
CHP Kütüphanesi CHP Kütüphanesi 10/09/2016 Bağış   956.22651 A72a 2011 006598 10/09/2016 10/09/2016 Books